Биология: Энциклопедия

Библиографические подробности
Другие авторы: Гиляров М. С. (редактор)
Примечания:Репринтное издание "Биологического энциклопедического словаря" 1986 года
Язык:русский
Опубликовано: Москва, Большая Российская энциклопедия, 2003
Серии:Золотой фонд
Предметы:
Формат: Книга
Запись в KOHA:https://koha.lib.tpu.ru/cgi-bin/koha/opac-detail.pl?biblionumber=57071

MARC

LEADER 00000nam0a2200000 4500
001 57071
005 20231031054036.0
010 |a 5852702528 
035 |a (RuTPU)RU\TPU\book\60118 
090 |a 57071 
100 |a 20031021d2003 m y0rusy50 ca 
101 0 |a rus 
102 |a RU 
105 |a a f 001zy 
200 1 |a Биология  |e Энциклопедия  |f Под ред. М. С. Гилярова 
210 |a Москва  |c Большая Российская энциклопедия  |d 2003 
215 |a 864 с.  |c ил. 
225 1 |a Золотой фонд 
300 |a Репринтное издание "Биологического энциклопедического словаря" 1986 года 
320 |a Именной указатель: с. 766-771 
320 |a Предметный указатель: с. 771-795 
320 |a Указатель названий: с. 795-862 
320 |a Список сокращений: с. 862-863 
513 1 |a Биологический энциклопедический словарь  |z rus 
610 1 |a биология 
610 1 |a анатомия 
610 1 |a морфология 
610 1 |a цитология 
610 1 |a генетика 
610 1 |a биохимия 
610 1 |a эмбриология 
610 1 |a физиология 
610 1 |a экология 
610 1 |a биогеография 
610 1 |a эволюционное учение 
610 1 |a термины 
610 1 |a понятия 
610 1 |a энциклопедические словари 
675 |a 573(031)  |v 3 
702 1 |a Гиляров  |b М. С.  |4 340 
801 1 |a RU  |b 63413507  |c 20031021  |g PSBO 
801 2 |a RU  |b 63413507  |c 20031029  |g PSBO 
942 |c BK